000 00338nam a2200109Ia 4500
008 220217s9999||||xx |||||||||||||| ||und||
100 _aWedemeyer, Richard, A Jue, Ronald, W
_93010
245 0 _aInner edge
260 _aTata mcgraw hill company Ltd
_bNew Delhi
_c2002
300 _aXVII,317p
_b295
650 _aENGLISH GENERAL BOOKS
_9691
999 _c170687
_d170687